Terminemos el cuento: I Premio Internacional de Literatura
Saved in:
| Main Authors: | , , , , , |
|---|---|
| Other Authors: | , |
| Format: | Book |
| Language: | Spanish |
| Published: |
Madrid
Santillana
1999
|
| Series: | Serie Roja
|
| Subjects: | |
| Tags: |
Add Tag
No Tags, Be the first to tag this record!
|
MARC
| LEADER | 00000nam a2200000 a 4500 | ||
|---|---|---|---|
| 001 | UCH9776 | ||
| 003 | CL-VaPUC | ||
| 008 | 100121e19990000SP |||||||||||||||||spa|d | ||
| 020 | |a 8420449393 | ||
| 082 | 0 | 4 | |a 863.09 |b BER |2 21 |
| 100 | 0 | |a Berocay, Roy |e author |9 547040 | |
| 700 | 0 | |a Chaparro Valderrama, Hugo |e author |9 547041 | |
| 700 | 0 | |a Fuguet, Alberto |e author |9 547042 | |
| 700 | 0 | |a Allan García, Edgar |e author |9 547043 | |
| 700 | |a López Ortega, Antonio |e autor |9 490406 | ||
| 700 | |a Montero, Rosa |e autora |9 431317 | ||
| 700 | |a Paz Soldán, Edmundo |e author |9 547044 | ||
| 700 | 0 | |a Santis, Pablo de |e author |9 547045 | |
| 245 | 1 | 0 | |a Terminemos el cuento: I Premio Internacional de Literatura |
| 300 | |a 126 p | ||
| 942 | |c BK | ||
| 945 | |d 20100121 00:00:00 |a dcastane | ||
| 260 | |a Madrid |b Santillana |c 1999 | ||
| 650 | 0 | |a Literatura hispanoamericana |9 269097 | |
| 650 | 7 | |a ESCRITORES HISPANOAMERICANOS |2 CL-VaPUC |9 547046 | |
| 583 | |a last modification |c 20100121 00:00:00 |k Rodrigo Vera | ||
| 490 | 0 | |a Serie Roja | |
| 999 | |c 339665 |d 339663 | ||